| 000 | 00521 a2200181 4500 | ||
|---|---|---|---|
| 005 | 20250509112753.0 | ||
| 008 | 250508b |||||||| |||| 00| 0 eng d | ||
| 020 |
_a9788131525937 _cRs. 850.00 |
||
| 040 | _aMAIN | ||
| 082 |
_a005.74 _bC817D(10) |
||
| 100 | _aCoronel, Carlos | ||
| 245 | _aDatabase principles: Fundamentals of design, implementation and management | ||
| 260 |
_bCengage Learning _aMelbourne _c2024 |
||
| 300 | _axxix, 732 | ||
| 650 | _aComputer Science | ||
| 650 | _aDatabase System | ||
| 942 | _cBK | ||
| 999 |
_c359908 _d359908 |
||